La idea del hombre y la historia
Uloženo v:
| Hlavní autor: | |
|---|---|
| Médium: | Kniha |
| Jazyk: | španělština |
| Vydáno: |
Buenos Aires
Siglo Veinte
1967
|
| Vydání: | 1a. ed |
| Témata: | |
| Tagy: |
Přidat tag
Žádné tagy, Buďte první, kdo vytvoří štítek k tomuto záznamu!
|
MARC
| LEADER | 00000cam a2200000 a 4500 | ||
|---|---|---|---|
| 001 | UCP1853 | ||
| 003 | CL-VaPUC | ||
| 008 | 990426e19670000AG |||||||||||||||||spa|d | ||
| 082 | 0 | 4 | |a 128 |b SCH |2 21 |
| 100 | 0 | |a Scheler, Max |e author |9 311258 | |
| 245 | 1 | 3 | |a La idea del hombre y la historia |
| 250 | |a 1a. ed | ||
| 300 | |a 83 p | ||
| 942 | |c BK | ||
| 945 | |d 19990426 00:00:00 |a lriquelm | ||
| 260 | |a Buenos Aires |b Siglo Veinte |c 1967 | ||
| 650 | 0 | |a Antropología |9 233030 | |
| 650 | 0 | |a Filosofía |9 223554 | |
| 650 | 7 | |a HOMBRE |2 CL-VaPUC |9 262149 | |
| 650 | 0 | |a Filosofía alemana |9 265002 | |
| 650 | 0 | |a Naturaleza humana |9 308593 | |
| 583 | |a last modification |c 20150414 05:41:23 |k Rodrigo Vera | ||
| 999 | |c 280484 |d 280482 | ||
| 952 | |0 0 |1 0 |4 0 |6 128_000000000000000_SCH_1967 |7 0 |8 A |9 320797 |a BIBHIS |b BIBHIS |d 2019-11-20 |i 1338587 |o 128 SCH 1967 |p 1338587 |r 2025-01-20 |w 2019-11-20 |y BK |k HIS | ||
| 952 | |0 0 |1 0 |3 erb |4 0 |6 128_000000000000000_SCH_1967 |7 0 |8 P |9 320798 |a BIBEDU |b BIBEDU |c BIBEDU_PB |e Villagrán Garnham, Jorge |i 5170931 |o 128 SCH 1967 |p 5170931 |r 2024-01-25 |w 2019-11-20 |y BK |z Catalogado en:20150423 |k FIL | ||
| 952 | |0 0 |1 0 |3 erb |4 0 |6 128_000000000000000_SCH_1967 |7 0 |8 A |9 320799 |a FDOHBE |b FDOHBE |e Huesbe Llanos, Marco Antonio, 1934- |i 5331692 |o 128 SCH 1967 |p 5331692 |r 2024-01-30 |w 2019-11-20 |y BK |z Catalogado en:20160713 |k HBE | ||